000 00818cam a22002653a 4500
001 24534
003 PGUSA
005 20140828083527.0
008 080206s2008||||xxu|||||s|||||000 | eng d
040 _aPGUSA
_beng
042 _adc
050 4 _aBX
050 4 _aCT
100 1 _aIgnatius, of Loyola,
_cSaint,
_d1491-1556
245 1 4 _aThe Autobiography of St. Ignatius
_h[electronic resource] /
_cof Loyola, Ignatius
260 _bProject Gutenberg,
_c2008
506 _aPublic domain in the USA.
516 _aElectronic text
653 _aChristian saints -- Spain -- Biography
653 _aIgnatius, of Loyola, Saint, 1491-1556
700 1 _aO'Conor, J. F. X.
_q(John Francis Xavier),
_d1852-1920
830 0 _aProject Gutenberg
_v24534
856 4 0 _uhttp://www.gutenberg.org/ebooks/24534
942 _cEB
999 _c253789
_d253789